00308 2200133 4500001002100000005001500021035002000036245005900056300000800115260001900123082000800142084001200150990001200162INLIS00000000000239720250528120420 a0010-0525000689 aKetika Cinta Berbuah Surga /cHabiburrahman El Shirazy a115 bMQS Publishing a813 a813 KET a0713416